Нормален изглед
MARC изглед
- Далчев, Атанас Христов
Вход 01. Лично име
001 - Контролен номер на записа
- Контролно поле: 363753
003 - Код на организацията, даваща контролен номер
- Контролно поле: BLK
005 - Дата и час на последна промяна на записа
- Контролно поле: 20250329153857.0
008 - Данни с фиксирана дължина – обща информация
- Данни с фиксирана дължина : 180422|| aca||aabn | a|a d
100 ## - ИМЕ НА ЛИЦЕ -ПЪРВИЧНА ИНТЕЛЕКТУАЛНА ОТГОВОРНОСТ
- Лично име: Далчев, Атанас Христов
- Дати, свързани с автора: 1904-1978
- Друга информация: Поет. Преводач от английски, френски, немски, испански, руски, гръцки и унгарски език.
942 ## - Системна служебна употреба
- Koha auth type: PERSO_NAME